Feel Lyrics - Robbie Williams - Statistics

General Stats
  • This quiz has been taken 315 times
  • The average score is 191 of 237
Answer Stats
Answer % Correct
feel
100%
I
100%
love
98%
a
97%
the
96%
just
95%
my
95%
My
95%
to
95%
To
95%
wanna
95%
in
94%
go
93%
Real
93%
real
93%
and
89%
And
89%
he
89%
that
89%
on
86%
don't
85%
living
84%
live
83%
much
81%
got
78%
Not
78%
Running
78%
running
78%
can
77%
I've
77%
through
77%
home
76%
life
76%
understand
75%
veins
75%
But
74%
Come
74%
die
74%
too
74%
been
73%
contact
73%
God
72%
Going
72%
hand
72%
see
72%
at
71%
hold
71%
talk
71%
This
71%
waste
71%
'Cause
70%
it
70%
sure
70%
I'm
67%
You
67%
given
66%
head
66%
language
66%
speaks
66%
sit
65%
plans
63%
either
62%
her
62%
It's
62%
laughs
62%
need
62%
keep
61%
Before
60%
ever
60%
after
59%
keen
59%
fall
58%
ain't
57%
leave
57%
myself
57%
place
57%
coming
56%
face
56%
role
54%
soul
54%
why
53%
There's
52%
hole
51%
preparing
51%
That's
50%
big
48%
arrived
46%
get
43%
death
40%
cannot
39%
enough
37%
Scare
37%
for
32%
No matching quizzes found
Score Distribution
Percent of People with Each Score
Percentile by Number Answered
Your Score History
You have not taken this quiz